[Event "Gibraltar Masters 16th"]
[Site "Caleta"]
[Date "2018.02.01"]
[Round "10"]
[White "Le, Quang Liem"]
[Black "Dubov, Daniil"]
[Result "1-0"]
[WhiteElo "2737"]
[BlackElo "2694"]
[Annotator "Mokal,P"]
[PlyCount "109"]
[EventDate "2018.01.23"]
[EventType "swiss"]
[EventRounds "10"]
[EventCountry "GGB"]
[SourceTitle "CBM 183"]
[Source "ChessBase"]
[SourceDate "2018.03.14"]
[SourceVersion "1"]
[SourceVersionDate "2018.03.14"]
[SourceQuality "1"]

1. e4 c5 2. Nf3 Nc6 3. Bb5 g6 4. O-O Bg7 5. Nc3 e5 6. d3 Nge7 7. Bc4 O-O 8. a3
d6 9. h3 h6 $146 (9... Nd4 10. Nh2 {[%csl Gd5][%cal Gh2g4,Gg4e3]} Be6 11. Ng4
h5 $5 12. Ne3 Rb8 13. Ncd5 Nxd5 14. Bxd5 Bxd5 15. Nxd5 $14 {1-0 (41) McShane,L
(2592)-Teske,H (2524)/Kuppenheim 2003}) (9... a6 $142 10. a4 (10. Be3 h6 11.
Nd5 (11. b4 b5 $132) 11... b5 12. Ba2 Be6 $132) 10... h6 11. Re1 Kh7 12. Bd2 f5
13. Nd5 Bd7 14. a5 Nxd5 15. Bxd5 f4 $132 {1/2-1/2 (33) Koentges,M (2343)
-Krzyzanowski,A (2348) 2015}) 10. b4 $1 Kh7 {[%cal Gf7f5] Black had two other
options...} ({One was to maintain structural symmetry with} 10... b6 {but as
usual White would maintain a slight edge after} 11. Nd5 $14) ({The other was
to take the bait with} 10... cxb4 {but after} 11. axb4 Nxb4 12. Ba3 Nec6 (12...
Nbc6 13. Nb5 $14 {[%cal Gb5d6]}) 13. Qd2 $44 {[%cal Gf1b1,Gc3b5] White has
good compensation} (13. Nb5 a6) (13. Qb1 Na6 14. Nb5 Nc5)) 11. bxc5 dxc5 12.
Rb1 {[%cal Gg7a1,Gb1b7]} (12. Nd5 Be6 13. Nxe7 Qxe7 14. Bd5 Bxd5 15. exd5 e4
$13) 12... b6 13. Nd5 Be6 (13... Nxd5 14. Bxd5 $14) 14. Nxe7 Qxe7 ({The
d5-square is not really worth a compromise in the structure, as after} 14...
Nxe7 $6 {[%csl Rd5]} 15. Bxe6 fxe6 16. Nd2 $14 {[%cal Gd2c4] followed by Nc4
soon, White will be in command.}) 15. Bd5 Qd6 16. c4 {[%csl Rc5,Gd5,Re5,Rg7]
The possibility of obtaining a very long term advantage with a protected
passed pawn makes the d5-square a very secure one for the white bishop.} Rab8
17. Bb2 Bd7 18. Bc3 Ne7 19. Qd2 g5 {When the center is closed, a flank attack
is possible, says the dictum.} 20. Rfe1 Ng6 21. Nh2 Nf4 22. Re3 h5 23. Qd1 Qg6
24. Rg3 f6 25. Bd2 Bh6 26. a4 Qe8 ({Interesting complications ensue} 26... g4 {
but White can survive...} 27. hxg4 Bxa4 (27... h4 28. Rf3 Bxg4 29. Nxg4 Qxg4
30. Bxf4 Bxf4 31. Rh3 Qxd1+ (31... Qg5 $2 32. g3 $18) 32. Rxd1 Bg5 33. g3 $16)
28. Qxa4 Ne2+ 29. Kf1 Nxg3+ 30. Ke1 Bxd2+ 31. Kxd2 Qh6+ 32. Kd1 {[%csl Re2]
[%cal Gg3e2]} (32. Ke1 hxg4) 32... hxg4 33. Nxg4 Qh1+ 34. Kc2 Qxg2 35. Qxa7+
Kh8 36. Rd1 $1 {[%cal Gd5a8,Ga7h7,Gd1d2,Gd2h2] Nice prophylaxis suggested by
the machine to free the knight:} Nh5 37. Nh6 Qxf2+ 38. Rd2 Qg1 39. Nf7+ $36)
27. Ra1 a5 {[%csl Gd5]} 28. Nf1 {Here and on the next few moves Black probably
should have considered dynamic action with ...f5 as otherwise White maintains
a stable advantage that can eventually create huge positional pressure.} Rd8 (
28... f5 $5 29. exf5 Bxf5 $132) 29. Ra3 (29. Ne3 $5) 29... Bc8 (29... f5 $5 30.
exf5 Bxf5) 30. Ne3 Rd6 31. Rf3 Bd7 32. g4 Rh8 33. Rg3 Bf8 $6 ({It would have
been better to make the R awkward with} 33... h4 34. Rf3 Rf8 {Now White may
manoeuvre around a bit as} 35. Nf5 $5 Bxf5 36. gxf5 Qh5 $13 {is not clear.})
34. Nf5 $1 Bxf5 (34... hxg4 35. hxg4 Bxf5 36. Bxf4 (36. gxf5 Kg7) 36... Be6 (
36... gxf4 37. Rh3+ Kg7 38. Rxh8 Kxh8 39. exf5 $16 Qd7 (39... Rd7 40. Bc6) 40.
Kg2 Qh7 $2 41. d4 $18) 37. Rh3+ Kg7 38. Rxh8 Kxh8 39. Be3 $14 {but not easy.})
35. gxf5 (35. exf5 $2 Nxd5) 35... h4 36. Re3 Qh5 37. Qxh5+ Nxh5 38. Rb3 Be7 39.
Re1 Rc8 40. Kg2 Bd8 41. Kf3 Kh6 42. Reb1 Bc7 43. Rb5 Bd8 44. Kg4 Bc7 $2 (44...
Rb8 $2 45. Rxa5) (44... Nf4 $142 45. Bxf4 exf4 46. Re1 (46. e5 fxe5 47. Re1 Bf6
) 46... Rc7 (46... Bc7 47. e5 fxe5 (47... Re8 48. exd6 Rxe1 49. dxc7) 48. Rxe5
Rf8 (48... Rf6 49. Re7 Bd8 50. Rd7 Bc7 51. Bb7) 49. Rb1 $16) 47. e5 fxe5 48.
Rxe5 Re7 49. Be6 Rxd3 50. Rd5 $1 Rxd5 51. cxd5 Kg7 (51... Bc7 52. d6 Bxd6 53.
Rxb6 Bc7 54. Ra6 Kh7 55. f6 Re8 56. Bf5+ Kg8 57. Ra7 $18) 52. d6 Rb7 53. Rb1
$16) 45. d4 $3 {A textbook and picturesque example for a pawn breakthrough!}
exd4 (45... cxd4 46. c5 bxc5 47. Rxc5 $18 {[%cal Gb1c1,Gd5e6,Gd5b7]}) 46. e5 $1
Rdd8 (46... fxe5 47. Bxg5+ {[%csl Rh5]}) (46... Rxd5 47. cxd5 Bxe5 48. Rxb6 Nf4
(48... c4 49. Bxg5+ $18) 49. Rc6 Rxc6 50. dxc6 Nd3 51. Rb7 c4 52. f4 $1 (52. c7
$4 Bxc7 53. Rxc7 Ne5#) 52... gxf4 53. Bxa5 (53. c7)) 47. Rxb6 $1 Bxb6 48. Rxb6
Nf4 (48... Rf8 49. Bxg5+ $18) 49. Rxf6+ Kg7 50. Bxf4 gxf4 51. Kxf4 {[%csl Ge5,
Gf5] After an accurate follow-up to the breakthrough White reaches a
completely winning position thanks to the two connected and menancing passed
pawns.} d3 52. Ke3 Rb8 53. Rg6+ Kh7 54. e6 Rg8 (54... Rb3 55. e7 Re8 56. Re6
Kg7 57. f6+ Kg6 58. Rc6 $18) 55. Rxg8 1-0

[Event "FIDE World Cup"]
[Site "Baku"]
[Date "2015.09.11"]
[Round "1.1"]
[White "Salem, AR Saleh"]
[Black "Wei, Yi"]
[Result "0-1"]
[WhiteElo "2610"]
[BlackElo "2734"]
[Annotator "Mokal,P"]
[PlyCount "108"]
[EventDate "2015.09.11"]
[EventType "k.o."]
[EventRounds "7"]
[EventCountry "AZE"]
[SourceTitle "CBM 169"]
[Source "ChessBase"]
[SourceDate "2015.11.10"]
[SourceVersion "1"]
[SourceVersionDate "2015.11.10"]
[SourceQuality "1"]

1. e4 c5 2. Nf3 Nc6 3. Bb5 {Saying no to Wei Yi's Sveshnikov/Pelikan.} g6 4.
O-O Bg7 5. Nc3 Nf6 6. e5 Ng4 7. Bxc6 dxc6 8. Re1 O-O 9. d3 Nh6 10. h3 b6 11.
Ne4 Nf5 12. c3 Ba6 13. g4 Nh6 14. d4 cxd4 15. cxd4 f5 16. exf6 exf6 17. Qa4 {
An uncommon idea, to first push the B back and then return with Qb3.} (17. Qb3+
Kh8 18. Bf4 Nf7 19. Rad1 (19. Rac1 $5) 19... Qd7 20. Qa3 (20. d5 c5 $132) 20...
Bc4 21. Nd6 Bd5 22. Re3 Nd8 23. Rde1 Ne6 $17 {1/2-1/2 Dolzhikova,K (2278)
-Zontakh,A (2545)/Kiev 2007/CBM 119 ext (67)}) 17... Bb7 18. Qb3+ Nf7 19. Bf4
Qd5 20. Qxd5 cxd5 21. Nd6 (21. Nc3 Rfe8 {seems ok for Black.}) 21... Nxd6 22.
Bxd6 Rf7 {Black has come out of the opening with no serious problems. He has
2Bs but the pawn structure is not optimal for them at the moment. One
important point to note is that White's pawn has advanced to g4. He will
always have to look out for ...f5 and ...h5 breaks which could open Black's Bs.
White's control of the e<-> and the d6-square is not permanent. All these
factors make the position complex but dynamically equal. It is therefore
interesting to see Wei Yi's approach to it. He wants to keep one R on the
board to keep some fighting chances, rather than going for simplifications
with a very tiny edge.} ({Both the Rs would have been exchanged after} 22...
Rfe8 $5 23. Rxe8+ Rxe8 24. Rc1 Rc8 25. Rxc8+ Bxc8 {Black can still try but it
is closer to equality.}) 23. Re6 (23. Rac1 Rd8 24. Re6 Rfd7 $132) 23... h6 (
23... Rc8 24. Rae1 Bh6 $13 (24... Rd7 $6 25. Re7 $14) (24... h6 25. Nh4 Kh7 26.
Re7 $14)) 24. Rae1 Rd8 25. Nh4 ({It was worth considering bringing up the K to
bolster the >> pawn mass with} 25. Kg2 Ba6 (25... Kh7 26. Kg3 Bc8 27. Re8 $11)
26. Kg3 $11) 25... Kh7 26. Bb4 ({The natural follow-up seemed to be} 26. f4
$142 {[%csl Rg7][%cal Gf4f5] with the intention of closing the eyes of Black's
dark squared B.} Bc8 (26... f5 27. Be5 {[%cal Ge6g6]} (27. Nxg6 $2 $19 Bc8)
27... fxg4 28. Rxg6 gxh3 29. Rxg7+ Rxg7+ 30. Bxg7 Rg8 31. Kh2 Rxg7 32. Nf5 Rd7
33. Kxh3 $14) 27. Re7 (27. Re8 Rxd6 28. Rxc8 f5 29. Nf3 fxg4 30. hxg4 Rxf4 31.
Re7 Rxf3 32. Rcc7 $11) 27... Rxe7 28. Bxe7 Re8 29. f5 (29. Kf2 $2 f5 $19) 29...
gxf5 (29... Bf8 $2 30. Nxg6 $18) 30. Nxf5 Bxf5 31. gxf5 Bf8 32. Bb4 Rxe1+ 33.
Bxe1 $11) 26... Bc8 27. Re8 {This loses some important tempi.} (27. Re7 {
would be answered by} Rd7 (27... Rxe7 28. Rxe7 a5 29. Bd2 $11) 28. Rxf7 Rxf7 {
[%cal Gf6f5]} 29. Nf3 h5 $15 (29... f5 $6 30. g5)) (27. Rc6 $5 {[%cal Gc6h6]
was worth considering, maintaining an active position of the R to be ready for
the P breaks.} Ba6 $13 (27... f5 $5 28. gxf5 (28. Rxg6 $2 fxg4 29. hxg4 Bxd4
$17) (28. Nxg6 Bb7 29. Rce6) 28... gxf5 29. Nf3 $11) (27... Bd7 28. Rc7 $16)
28. Re7 Rd7 29. Rxd7 Rxd7 30. Kg2 $11 {with good chances to hold.}) 27... Rxe8
28. Rxe8 Bd7 29. Ra8 a5 {[%csl Rb6][%cal Ga8b8,Gb8b6]} ({It was more precise
to play} 29... f5 $142 {right away. For example} 30. gxf5 g5 31. Nf3 (31. Ng6
Bxf5 {is the same}) 31... Bxf5 32. Ne5 Bxe5 33. dxe5 Bxh3 $15) 30. Bc3 {
The position seems to be getting difficult for White, especially with Black's .
..f5 coming, but White does have a resource.} ({It would need some computer
precision to find} 30. Bd6 $5 f5 31. g5 $1 {The machine wants to use the idea
of trapping the Black K in a mating net to carry out some simplifications.} (
31. Nf3 fxg4 32. Ne5 Bxe5 33. Bxe5 g5 34. hxg4 Bxg4 $15) 31... Bxd4 (31... hxg5
32. Nf3 Kh6 33. Ne5 Bxe5 34. dxe5 $13) 32. Nf3 Bxb2 33. Ne5 Rg7 (33... Bxe5 $2
34. Bxe5 $18 {[%cal Ga8h8]}) 34. gxh6 Kxh6 35. Nd3 Bf6 36. Bf8 $11 {[%cal
Gd3f4,Ga8a7]}) 30... f5 31. gxf5 $6 ({Compared to 30.Bd6 f5 31.g5, the resource
} 31. Nf3 $142 fxg4 32. Ne5 {was not out of human reach.} Bxe5 33. dxe5 g5 (
33... gxh3 $4 34. e6 $18 {[%cal Ga8h8]}) 34. hxg4 Bxg4 35. Rb8 $11 {with good
chances to hold.}) 31... g5 32. Ng2 $6 {The N would have been happier in the
centre.} (32. Nf3 $142 Bxf5 33. Ne5 (33. Kh2 $2 Be4 $19 {[%csl Rf2]}) 33... Rb7
34. Kh2 Bf6 $132 {Although it is Black who has every reason to keep pushing,
White's pieces are in the sort of position to create counterplay.}) 32... Bxf5
33. Ne3 (33. Kh2 Bb1 $19) 33... Be4 $15 {Black's 2Bs are now dominating. Wei
Yi gives a fine demonstration of his technique now.} (33... Bxh3 $6 34. Nxd5
$11) 34. Rb8 Rf3 35. Rxb6 Rxh3 36. Kf1 h5 37. Rb7 h4 38. Bxa5 Kg6 $1 (38...
Rh1+ 39. Ke2 h3 40. Bc7 $17 {invites unnecessary complications.}) 39. Ke2 Bxd4
40. Bb6 Bxb2 41. Bc5 Bc3 42. Rb6+ Kh5 43. Bf8 Bg6 44. Kf1 (44. Nxd5 Bd3+ 45.
Kd1 Rh1#) 44... Bd4 45. Nxd5 Rf3 46. Rb4 Bd3+ 47. Kg2 Rxf2+ 48. Kg1 Rf1+ 49.
Kg2 Rf2+ 50. Kg1 Ba7 51. Be7 (51. Ra4 Rxa2+ $19) (51. Rb7 Rf7+ $19) 51... Rb2+
52. Kh1 Rxb4 53. Nxb4 Be4+ 54. Kh2 Bb8+ {After this game, Wei Yi drew the
second one to advance to the 2nd round of the World Cup.} (54... Bb8+ 55. Kg1 (
55. Kh3 g4#) 55... h3 {[%cal Gh3h2,Gh2h1]}) 0-1

[Event "EU-ch 18th"]
[Site "Minsk"]
[Date "2017.05.31"]
[Round "2"]
[White "Bartel, Mateusz"]
[Black "Balashov, Yuri S"]
[Result "0-1"]
[WhiteElo "2637"]
[BlackElo "2408"]
[Annotator "Moradiabadi,E"]
[PlyCount "102"]
[EventDate "2017.05.30"]
[EventType "swiss"]
[EventRounds "11"]
[EventCountry "BLR"]
[SourceTitle "CBM 179"]
[Source "ChessBase"]
[SourceDate "2017.07.12"]
[SourceVersion "1"]
[SourceVersionDate "2017.07.12"]
[SourceQuality "1"]

1. e4 c5 2. Nf3 Nc6 3. Bb5 g6 4. O-O Bg7 5. Nc3 d6 6. e5 dxe5 7. Bxc6+ bxc6 8.
Re1 f6 9. b3 Nh6 10. Ba3 Qa5 11. Na4 c4 12. d4 cxd3 13. cxd3 Bg4 14. h3 Bxf3
15. Qxf3 Qd5 16. Qe4 Nf5 17. Rac1 Nd4 18. Bb2 Qxe4 19. Rxe4 f5 20. Ree1 Rd8 21.
Rc4 Rf8 22. Nc5 Kf7 23. Kf1 Rfe8 24. Nb7 Rd7 25. Na5 {In a complex endgame
Balashov finds a nice sacrifice which hands him a strong initiative in this
endgame.} c5 26. Rxc5 (26. Bxd4 Rxd4 {and only now} 27. Rxc5) 26... Ne6 27. Rb5
Nf4 {This knight is a monster.} 28. Bxe5 Nxd3 29. Bxg7 Nxe1 30. Bc3 Nd3 31. Nc4
Rc8 32. g3 Ke8 33. Kg2 Nc5 34. g4 Rb7 $1 {Gradually but assuredly Balashov
secures a winning endgame.} 35. Rxb7 Nxb7 36. Bd4 a6 37. Kf3 Nd8 38. Ke3 Ne6
39. Bc3 Rd8 40. Bd2 fxg4 $1 {Balashov goes for a distant passed-pawn! A good
technical feat!} 41. hxg4 h5 42. gxh5 gxh5 43. Kf3 Kf7 44. Kg3 Kg6 45. Bb4 Rd3+
46. f3 Kf6 47. Ba3 Nd4 48. Kf4 Nf5 49. Bb2+ Ke6 50. Be5 h4 51. Kg4 Ne3+ {
The last piece of complexity (knights) are off the board: Balashov is on
autopilot now! White resigned!} 0-1

[Event "DEN-ch"]
[Site "Aarhus"]
[Date "1999.04.04"]
[Round "9"]
[White "Mortensen, Erling"]
[Black "Larsen, Bent"]
[Result "1-0"]
[WhiteElo "2420"]
[BlackElo "2530"]
[Annotator "Mortensen,E"]
[PlyCount "57"]
[EventDate "1999.03.??"]
[EventType "tourn"]
[EventRounds "9"]
[EventCountry "DEN"]
[EventCategory "10"]
[SourceTitle "CBM 071"]
[Source "ChessBase"]
[SourceDate "1999.08.01"]
[SourceVersion "1"]
[SourceVersionDate "1999.08.01"]
[SourceQuality "1"]

1. e4 c5 2. Nf3 Nc6 3. Bb5 g6 4. c3 Nf6 5. Qe2 a6 (5... Bg7) 6. Ba4 {This
looks logical to me but the usual move in this position has been 6. Bxc6, for
instance:} (6. Bxc6 dxc6 7. h3 Bg7 8. d4 Nd7 9. O-O O-O 10. Bg5 Re8 11. e5 f6
12. Be3 cxd4 13. Bxd4 c5 $5 14. exf6 exf6 15. Qc4+ Kh8 16. Bxc5 b5 17. Qd4 Bb7
18. Nbd2 f5 19. Qd6 Nxc5 20. Qxc5 Rc8 $44 21. Qb4 Rc7 22. Rfe1 Rce7 23. Rxe7
Rxe7 24. a4 bxa4 25. Qxa4 h6 26. Nd4 Qb6 27. Nc4 Qf6 28. Qd1 Kh7 29. Qd2 Bd5
30. Ne3 Bb7 {Yukhtman,Jacob-Keres,Paul/URS-ch26 Tbilisi (19) ;URS-ch 1959/1/
2-1/2 (40)}) 6... b5 7. Bc2 Bb7 8. O-O (8. e5 $5 Nd5 9. d4 cxd4 10. cxd4 $14 (
10. Be4 d3 $1 11. Qxd3 Nc7)) 8... d6 $6 (8... Bg7 9. e5 Nd5 10. d4 cxd4 11.
cxd4 $14) 9. d4 cxd4 10. cxd4 Nb4 11. Bb3 $1 $16 Bxe4 (11... Nxe4 12. a3 $18) (
11... d5 12. e5 Ne4 13. Nbd2 (13. a4 $5) 13... Bg7 14. a3 Nxd2 15. Bxd2 Nc6 16.
Rac1 $16) 12. Bxf7+ Kxf7 13. Ng5+ Kg8 14. Nxe4 Qd7 (14... Nbd5 15. Nbc3 $16 {
It will take some time for black to bring Rh8 into play.}) 15. Nxf6+ exf6 16.
Qf3 $1 Re8 (16... Rc8 17. Nc3 Nc2 18. Nd5 Bg7 19. Nb6 $18) 17. Bd2 Nc6 (17...
Nc2 $2 18. Qb3+ $18) 18. Nc3 Nxd4 (18... Bg7 19. Rfe1 Kf7 20. Qd5+ Re6 21. Rxe6
$18) (18... Kg7 19. Nd5 Be7 20. Rac1 $16) 19. Qd5+ Ne6 20. Ne4 Qf7 (20... Kf7
21. Nxf6 Kxf6 22. Bc3+ $18) 21. Rfe1 Be7 22. Bc3 (22. Nxd6 Bxd6 23. Qxd6 Rd8
24. Qxa6 Rxd2 25. Rxe6 Kg7 26. Rae1 $18) 22... Ng7 (22... Kg7 23. Nxd6 Bxd6 24.
Qxd6 $18 {The Queen side cannot be defended.}) 23. Qc6 Rd8 24. Ba5 Qe8 $6 (
24... Rf8 25. Nxd6 Bxd6 26. Qxd6 $18) 25. Nxf6+ Bxf6 26. Rxe8+ Rxe8 27. Qxd6
Kf7 28. Qxa6 Bxb2 29. Rb1 1-0

[Event "BL2-Nord 9798"]
[Site "Germany"]
[Date "1998.??.??"]
[Round "5.3"]
[White "Mortensen, Erling"]
[Black "Meyer, Falko"]
[Result "1-0"]
[WhiteElo "2455"]
[BlackElo "2335"]
[Annotator "Mortensen,E"]
[PlyCount "65"]
[EventDate "1997.10.??"]
[EventType "team-tourn"]
[EventRounds "9"]
[EventCountry "GER"]
[SourceTitle "CBM 063"]
[Source "ChessBase"]
[SourceDate "1998.03.26"]
[SourceVersion "1"]
[SourceVersionDate "1998.03.26"]
[SourceQuality "1"]
[WhiteTeam "Luebeck"]
[BlackTeam "Hamburger SK II"]
[WhiteTeamCountry "GER"]
[BlackTeamCountry "GER"]

1. e4 c5 2. Nf3 Nc6 3. Bb5 g6 4. O-O Nf6 5. Re1 Bg7 6. c3 O-O 7. e5 {As I
learned from my game with Glek below, this line presents some problems for
black, so I started to play it with white myself.} Nd5 8. d4 cxd4 9. cxd4 Nc7 (
9... d6 10. Nc3 Nc7 11. exd6 exd6 12. Bg5 f6 13. Be3 $5 (13. Bf4 g5 14. Bg3 g4
15. d5 Nxb5 16. Nxb5 Ne5 17. Nfd4 f5 18. Bf4 a6 19. Nc3 Ng6 20. Ne6 $16 {
1-0 Glek,I-Mortensen,E/Copenhagen BSF (04) ;CBM 46 1995 (57)}) 13... Nxb5 14.
Nxb5 a6 15. Nc3 d5 16. Qb3 Be6 17. Qxb7 Na5 18. Qb4 Rf7 19. Na4 Rb7 20. Qc3 Bg4
21. Nc5 Re7 22. Nd2 f5 23. f3 Bh5 24. Bf2 Nc6 25. Rxe7 Qxe7 26. Ndb3 Qe2 27.
Nd3 {1-0 Mortensen,Erling-Holmsgaard,Henrik/Koge op (4) ;EXT 97 1997}) 10. Nc3
a6 $5 {The beginning of an interesting but somewhat risky plan} (10... Nxb5 11.
Nxb5 a6 12. Nc3 d6 13. exd6 exd6 (13... Qxd6 14. d5 Ne5 15. Bf4 $16) 14. Bg5 f6
15. Bf4 (15. Be3 $1 $16 {would reach the same position as in my game with
Holmsgaard above.}) 15... g5 16. Be3 Bg4 17. Qb3+ Rf7 18. Nd2 f5 19. f3 Bh5 20.
d5 Ne5 21. Ne2 f4 22. Bb6 Qf6 23. h3 Bg6 24. Nd4 h5 25. Ne4 Bxe4 26. Rxe4 g4
27. fxg4 hxg4 28. hxg4 Nxg4 29. Qh3 Ne3 30. Re6 Qg5 31. Rxd6 Nc4 32. Nf3 Qf5
33. Qxf5 Rxf5 34. Re6 Rxd5 35. Rc1 Kf7 36. Rce1 $13 (36. Rxc4 $2 Kxe6 {0-1
Mortensen,Erling-Schandorff,Lars/DEN-chT 9596 (2) ;EXT 97 1996 (60)})) 11. Ba4
b5 12. Bb3 Na5 13. d5 Nxb3 14. Qxb3 Bb7 (14... d6 15. Bf4 Bb7 16. Rad1 $14) 15.
Bg5 h6 {The threat d5-d6 force a serious weakening of blacks kingside} (15...
f6 16. exf6 Bxf6 (16... exf6 17. Bf4 $16) 17. d6+ Ne6 18. Rxe6 dxe6 19. Qxe6+
Rf7 20. Nd5 Bxd5 21. Qxd5 Kg7 22. Nd4 $16) 16. Bh4 g5 17. Bg3 e6 (17... d6 18.
Rad1 $16) 18. dxe6 dxe6 19. Rad1 Qe7 20. Ne4 $16 {Blacks one advantage in the
position is the strong white-squared bishop, but unfortunately it has to be
exchanged against the dominant knight on e4} Bd5 (20... Rad8 $2 21. Nf6+ $18) (
20... Nd5 21. a3 $5 (21. Nd6) 21... Rad8 22. h4 g4 23. Nh2 h5 24. f3 $16) 21.
Qe3 Bxe4 22. Qxe4 Nd5 23. h4 Rac8 (23... gxh4 24. Bxh4 Qb4 $2 25. Qxb4 Nxb4 26.
Be7 Nc2 27. Re2 Rfc8 28. Rc1 $18) 24. hxg5 hxg5 25. Rd4 Bh6 26. Nh2 Rc7 (26...
Kg7 27. Ng4 Rh8 28. Nf6 $18) 27. Qg4 Kh7 28. Qh5 Rh8 29. Ng4 Kg7 30. Rxd5 $1
exd5 31. e6 Qb4 (31... f6 32. Bxc7 Qxc7 33. e7 $18) 32. Rf1 f5 33. Bxc7 1-0